[Event "Hessen-chA"]
[Site "Frankfurt"]
[Date "2018.05.13"]
[Round "7"]
[White "Blaschke, Henri Johannes"]
[Black "Vega Lopez de Nava, Cesar Octavio"]
[Result "0-1"]
[WhiteElo "1814"]
[BlackElo "1949"]
[PlyCount "140"]
[EventDate "2018.05.10"]
[EventType "swiss"]
[EventRounds "7"]
[EventCountry "GER"]
[SourceTitle "EXT 2019"]
[Source "ChessBase"]
[SourceDate "2018.10.10"]
[SourceVersion "1"]
[SourceVersionDate "2018.10.10"]
[SourceQuality "1"]

1. d4 d5 2. c4 e6 3. Nf3 c6 4. Nbd2 Nf6 5. g3 Nbd7 6. Bg2 Be7 7. Qc2 b6 8. 0-0 Bb7 9. Rd1 Rc8 10. b3 Qc7 11. Bb2 0-0 12. Rac1 Rfe8 13. e3 Bf8 14. Ne5 Nxe5 15. dxe5 Nd7 16. f4 Qb8 17. Nf3 Bc5 18. Bd4 Be7 19. Bb2 Nf8 20. h4 Ng6 21. h5 Nf8 22. g4 dxc4 23. Qxc4 c5 24. Kh2 Bd5 25. Qe2 Qb7 26. Nd2 b5 27. Bc3 Nd7 28. Ne4 Nxe5 29. Bxe5 Bxe4 30. Bxe4 Qxe4 31. Rd7 a6 32. Rcd1 Bf6 33. Bxf6 gxf6 34. h6 c4 35. R1d4 Qc6 36. g5 cxb3 37. Qh5 Qc2+ 38. Kg3 Qg6 39. Qxg6+ hxg6 40. axb3 e5 41. R4d6 exf4+ 42. exf4 fxg5 43. fxg5 Rc5 44. Rxa6 Rxg5+ 45. Kh4 Rf5 46. Raa7 Re4+ 47. Kg3 Ref4 48. Ra8+ Kh7 49. Rb8 Rf3+ 50. Kg2 Rxb3 51. Rf8 Rbf3 52. Rb7 R3f4 53. Kg3 b4 54. Rfb8 Kxh6 55. Rxb4 Rxb4 56. Rxb4 Kg5 57. Rb6 Rc5 58. Ra6 Rc3+ 59. Kf2 f5 60. Rb6 Kh5 61. Rb8 g5 62. Kg2 Kg4 63. Rb2 f4 64. Ra2 Rg3+ 65. Kh2 Rh3+ 66. Kg2 f3+ 67. Kg1 Kg3 68. Rg2+ Kf4 69. Rb2 Rh8 70. Rb4+ Kg3 0-1

[Event "Hessen-chA"]
[Site "Frankfurt"]
[Date "2018.05.10"]
[Round "2"]
[White "Chandler, Patrick"]
[Black "Vega Lopez de Nava, Cesar Octavio"]
[Result "1-0"]
[WhiteElo "2143"]
[BlackElo "1949"]
[PlyCount "101"]
[EventDate "2018.05.10"]
[EventType "swiss"]
[EventRounds "7"]
[EventCountry "GER"]
[SourceTitle "EXT 2019"]
[Source "ChessBase"]
[SourceDate "2018.10.10"]
[SourceVersion "1"]
[SourceVersionDate "2018.10.10"]
[SourceQuality "1"]

1. d4 Nf6 2. Bf4 d5 3. e3 e6 4. Bd3 Bd6 5. Ne2 0-0 6. Nd2 b6 7. c3 Bb7 8. 0-0 c5 9. Nf3 Bxf4 10. exf4 Ba6 11. Ne5 Bxd3 12. Qxd3 Qd6 13. a3 Nc6 14. Rad1 c4 15. Qh3 Ne7 16. Rfe1 b5 17. g4 a5 18. g5 Nd7 19. Ng3 g6 20. Ng4 b4 21. Nf6+ Nxf6 22. gxf6 Nf5 23. Re5 Kh8 24. axb4 axb4 25. Kh1 bxc3 26. bxc3 Rg8 27. Rg1 Qd8 28. Nxf5 gxf5 29. Rg5 Qxf6 30. Qh4 Rg6 31. Re1 Rag8 32. Reg1 h6 33. Qh5 R8g7 34. R5g3 Kh7 35. h3 Qd8 36. Kh2 Qb8 37. Qf3 Qb2 38. R1g2 Qd2 39. h4 Qd3 40. Qxd3 cxd3 41. Rg1 Rg4 42. Kh3 d2 43. Rd1 Rxf4 44. Rxd2 h5 45. f3 f6 46. Rxg7+ Kxg7 47. Kg3 e5 48. Ra2 Kf7 49. Ra6 Ke7 50. Rc6 Kd7 51. Rxf6 1-0

[Event "Pfalz op-B 9th"]
[Site "Neustadt an der Weinstrasse"]
[Date "2018.02.10"]
[Round "2"]
[White "Stalter, Thomas"]
[Black "Vega Lopez de Nava, Cesar Octavio"]
[Result "0-1"]
[WhiteElo "1792"]
[BlackElo "1949"]
[PlyCount "78"]
[EventDate "2018.02.09"]
[EventType "swiss"]
[EventRounds "7"]
[EventCountry "GER"]
[SourceTitle "CBM 182 Extra"]
[Source "ChessBase"]
[SourceDate "2018.02.23"]
[SourceVersion "1"]
[SourceVersionDate "2018.02.23"]
[SourceQuality "1"]

1. c4 e5 2. Nc3 Bb4 3. g3 Bxc3 4. bxc3 Nc6 5. Bg2 d6 6. d3 Nge7 7. Nf3 0-0 8. 0-0 h6 9. Rb1 Rb8 10. Bd2 f5 11. e3 Ng6 12. Qb3 Na5 13. Qa4 c5 14. Qc2 Be6 15. Kh1 Qf6 16. Rb5 b6 17. Rbb1 Kh8 18. Ng1 e4 19. dxe4 Bxc4 20. exf5 Bxf1 21. Rxf1 Ne7 22. e4 d5 23. exd5 Nxf5 24. Ne2 Nc4 25. Bc1 g5 26. a4 Rbe8 27. Ng1 Qg6 28. Qd1 Qd6 29. Qd3 Ne5 30. Qd1 c4 31. Qh5 Qg6 32. Qd1 Nd3 33. Ba3 Rf7 34. Nf3 g4 35. Nd2 Re1 36. Rxe1 Nxf2+ 37. Kg1 Nxd1 38. Re8+ Kg7 39. Re6 Rf6 0-1

[Event "Pfalz op-B 9th"]
[Site "Neustadt an der Weinstrasse"]
[Date "2018.02.10"]
[Round "3"]
[White "Vega Lopez de Nava, Cesar Octavio"]
[Black "Mayer, Alexander1111"]
[Result "0-1"]
[WhiteElo "1949"]
[BlackElo "1810"]
[PlyCount "76"]
[EventDate "2018.02.09"]
[EventType "swiss"]
[EventRounds "7"]
[EventCountry "GER"]
[SourceTitle "CBM 182 Extra"]
[Source "ChessBase"]
[SourceDate "2018.02.23"]
[SourceVersion "1"]
[SourceVersionDate "2018.02.23"]
[SourceQuality "1"]

1. e4 e6 2. Nf3 d5 3. e5 c5 4. b4 cxb4 5. d4 Nc6 6. a3 Nh6 7. axb4 Bxb4+ 8. c3 Be7 9. Bd3 f6 10. Bxh6 gxh6 11. exf6 Bxf6 12. Ne5 0-0 13. Qe2 Bg7 14. Nxc6 bxc6 15. Qc2 Qg5 16. 0-0 e5 17. dxe5 Bxe5 18. Ra4 Rf7 19. Re1 h5 20. Qe2 Bh3 21. f3 Bc7 22. g3 Raf8 23. Rh4 Bd7 24. f4 Rxf4 25. Bxh7+ Kh8 26. Rxh5 Bb6+ 27. Kh1 Rf1+ 28. Rxf1 Rxf1+ 29. Qxf1 Qxh5 30. Bc2 Kg7 31. Nd2 Bg4 32. Qf4 Be2 33. Kg2 Ba5 34. Qd4+ Kg8 35. Qxa7 Bxc3 36. Qb8+ Kg7 37. Qc7+ Qf7 38. Qxc6 Bxd2 0-1

[Event "Hofheim Spring op-B 5th"]
[Site "Hofheim"]
[Date "2017.04.09"]
[Round "5"]
[White "Vega Lopez de Nava, Cesar Octavio"]
[Black "Gihr, Michael"]
[Result "1-0"]
[WhiteElo "1907"]
[BlackElo "1958"]
[PlyCount "39"]
[EventDate "2017.04.07"]
[EventType "swiss"]
[EventRounds "9"]
[EventCountry "GER"]
[SourceTitle "CBM 178 Extra"]
[Source "ChessBase"]
[SourceDate "2017.06.22"]
[SourceVersion "1"]
[SourceVersionDate "2017.06.22"]
[SourceQuality "1"]

1. e4 c5 2. Nf3 Nc6 3. d4 cxd4 4. Nxd4 d6 5. Nc3 g6 6. Be3 Bg7 7. Qd2 Nf6 8. f3 0-0 9. 0-0-0 Nxd4 10. Bxd4 Bd7 11. h4 h5 12. g4 Qa5 13. gxh5 Nxh5 14. Bxg7 Kxg7 15. Bc4 Rac8 16. Bb3 Qe5 17. Kb1 Bc6 18. Rhg1 f6 19. Rg4 f5 20. Rxg6+ 1-0

[Event "Frankfurt-chA"]
[Site "Frankfurt"]
[Date "2016.06.13"]
[Round "7"]
[White "Stricker, Konstantin"]
[Black "Vega Lopez de Nava, Cesar Octavio"]
[Result "0-1"]
[WhiteElo "1690"]
[BlackElo "1845"]
[PlyCount "66"]
[EventDate "2016.04.25"]
[EventType "swiss"]
[EventRounds "9"]
[EventCountry "GER"]
[SourceTitle "EXT 2018"]
[Source "ChessBase"]
[SourceDate "2017.10.13"]
[SourceVersion "1"]
[SourceVersionDate "2017.10.13"]
[SourceQuality "1"]

1. e4 c5 2. Nf3 d6 3. Bb5+ Bd7 4. Bxd7+ Nxd7 5. 0-0 Ngf6 6. Re1 Rc8 7. c3 e6 8. d4 cxd4 9. cxd4 Nb6 10. Nbd2 d5 11. e5 Nfd7 12. b3 Bb4 13. Bb2 Nb8 14. Rc1 Nc6 15. Re2 Qe7 16. Nb1 Qd7 17. Ba3 Bxa3 18. Nxa3 a6 19. Nc2 0-0 20. Qe1 Qe7 21. h3 Rc7 22. Qd1 Rfc8 23. a3 Na5 24. b4 Nac4 25. Qd3 Nb2 26. Qb3 N6a4 27. Nfe1 Rc3 28. Qa2 Rxh3 29. g3 Nc3 30. Qxb2 Nxe2+ 31. Kg2 Rh6 32. Rd1 Qg5 33. Kf1 Qg4 0-1

[Event "Hessen-ch op-A"]
[Site "Floersheim"]
[Date "2016.05.05"]
[Round "2"]
[White "Vega Lopez de Nava, Cesar Octavio"]
[Black "Schellen, Sven"]
[Result "1/2-1/2"]
[WhiteElo "1973"]
[BlackElo "1822"]
[PlyCount "120"]
[EventDate "2016.05.05"]
[EventType "swiss"]
[EventRounds "7"]
[EventCountry "GER"]
[SourceTitle "EXT 2022"]
[Source "ChessBase"]
[SourceDate "2021.10.06"]
[SourceVersion "1"]
[SourceVersionDate "2021.10.06"]
[SourceQuality "1"]

1. e4 e5 2. Nf3 Nc6 3. Bc4 Nf6 4. d3 Bc5 5. c3 0-0 6. b4 Bb6 7. Bg5 h6 8. Bh4 g5 9. Nxg5 hxg5 10. Bxg5 Kg7 11. Qf3 d6 12. a4 a6 13. Nd2 Be6 14. Nf1 Bxc4 15. Ng3 Rh8 16. dxc4 Kg6 17. Qf5+ Kg7 18. h4 Nb8 19. h5 Nbd7 20. h6+ Kf8 21. Nh5 Bxf2+ 22. Ke2 Nxh5 23. Rxh5 Qe8 24. Kxf2 Qe6 25. Qxe6 fxe6 26. g4 Rh7 27. Rg1 Kf7 28. Kg3 Kg6 29. Be3 Rf7 30. Rg5+ Kh7 31. Kh4 Nf8 32. Rg3 Rd8 33. Kh5 Rdd7 34. c5 Rf6 35. Rg7+ Rxg7 36. hxg7 Kxg7 37. Bg5 Rf7 38. Bh6+ Kh7 39. Bxf8 Rxf8 40. cxd6 cxd6 41. Rd3 Rd8 42. a5 d5 43. Kg5 Kg7 44. exd5 e4 45. Rd4 exd5 46. Kf4 Kg6 47. Ke3 Kg5 48. c4 Kxg4 49. cxd5 Kf5 50. d6 Rd7 51. Rd5+ Ke6 52. Kxe4 Rxd6 53. Rxd6+ Kxd6 54. Kd4 Kc6 55. Kc4 Kd6 56. b5 axb5+ 57. Kxb5 Kc7 58. Kc5 b6+ 59. axb6+ Kb7 60. Kb5 Kb8 1/2-1/2

[Event "Frankfurt-chA"]
[Site "Frankfurt"]
[Date "2016.04.25"]
[Round "1"]
[White "Lopez, Victor"]
[Black "Vega Lopez de Nava, Cesar Octavio"]
[Result "0-1"]
[WhiteElo "1455"]
[BlackElo "1845"]
[PlyCount "44"]
[EventDate "2016.04.25"]
[EventType "swiss"]
[EventRounds "9"]
[EventCountry "GER"]
[SourceTitle "EXT 2018"]
[Source "ChessBase"]
[SourceDate "2017.10.13"]
[SourceVersion "1"]
[SourceVersionDate "2017.10.13"]
[SourceQuality "1"]

1. e4 c5 2. b3 d5 3. Bb5+ Bd7 4. Bxd7+ Qxd7 5. exd5 Nf6 6. c4 b5 7. d3 e6 8. dxe6 Qd4 9. Qf3 Bd6 10. Ne2 Qxa1 11. exf7+ Kxf7 12. Qxa8 Re8 13. 0-0 Qxb1 14. Bf4 Qxd3 15. Bxd6 Qxd6 16. Nc3 bxc4 17. Qxa7+ Re7 18. Qa4 cxb3 19. Qxb3+ Kf8 20. h3 Nc6 21. Qb6 Nd5 22. Rd1 Re1+ 0-1

[Event "Hofheim Spring op-B 4th"]
[Site "Hofheim"]
[Date "2016.04.01"]
[Round "6"]
[White "Henkel, Volker"]
[Black "Vega Lopez de Nava, Cesar Octavio"]
[Result "1/2-1/2"]
[WhiteElo "1867"]
[BlackElo "1973"]
[PlyCount "50"]
[EventDate "2016.03.30"]
[EventType "swiss"]
[EventRounds "9"]
[EventCountry "GER"]
[SourceTitle "EXT 2018"]
[Source "ChessBase"]
[SourceDate "2017.10.13"]
[SourceVersion "1"]
[SourceVersionDate "2017.10.13"]
[SourceQuality "1"]

1. d4 d5 2. c4 c6 3. cxd5 cxd5 4. Nc3 Nf6 5. Bf4 Nc6 6. e3 a6 7. Bd3 Qb6 8. a3 Bg4 9. Nge2 e6 10. h3 Bh5 11. 0-0 Be7 12. b4 0-0 13. Na4 Qa7 14. Nc5 Bxc5 15. bxc5 b6 16. cxb6 Qxb6 17. Qb1 Qa7 18. Rc1 Rfc8 19. Qb3 Ne4 20. Bxe4 Bxe2 21. Bxh7+ Kh8 22. Bd3 Na5 23. Qb4 Bxd3 24. Qxa5 Qb7 25. Qb4 Qb5 1/2-1/2

[Event "Hofheim Spring op-B 4th"]
[Site "Hofheim"]
[Date "2016.04.01"]
[Round "7"]
[White "Vega Lopez de Nava, Cesar Octavio"]
[Black "Makilla, Tobias"]
[Result "0-1"]
[WhiteElo "1973"]
[BlackElo "1954"]
[PlyCount "52"]
[EventDate "2016.03.30"]
[EventType "swiss"]
[EventRounds "9"]
[EventCountry "GER"]
[SourceTitle "EXT 2018"]
[Source "ChessBase"]
[SourceDate "2017.10.13"]
[SourceVersion "1"]
[SourceVersionDate "2017.10.13"]
[SourceQuality "1"]

1. e4 e5 2. Nf3 Nc6 3. Bc4 Bc5 4. b4 Bxb4 5. c3 Ba5 6. d4 exd4 7. 0-0 Bxc3 8. Nxc3 dxc3 9. Qb3 Qf6 10. e5 Qg6 11. Ba3 Nge7 12. Qxc3 0-0 13. Nd2 d6 14. exd6 cxd6 15. f4 d5 16. Bb3 Be6 17. Rae1 Rfe8 18. Ba4 Rac8 19. Nf3 a6 20. Ne5 Qf6 21. Qe3 b5 22. Nxc6 Nxc6 23. f5 Bd7 24. Qf2 Rxe1 25. Rxe1 bxa4 26. Qc5 Qd4+ 0-1

[Event "Hofheim Spring op-B 4th"]
[Site "Hofheim"]
[Date "2016.03.31"]
[Round "4"]
[White "Koellner, Ulrich"]
[Black "Vega Lopez de Nava, Cesar Octavio"]
[Result "0-1"]
[WhiteElo "1840"]
[BlackElo "1973"]
[PlyCount "58"]
[EventDate "2016.03.30"]
[EventType "swiss"]
[EventRounds "9"]
[EventCountry "GER"]
[SourceTitle "EXT 2018"]
[Source "ChessBase"]
[SourceDate "2017.10.13"]
[SourceVersion "1"]
[SourceVersionDate "2017.10.13"]
[SourceQuality "1"]

1. d4 d5 2. c4 c6 3. Nf3 Nf6 4. Nc3 e6 5. Bg5 dxc4 6. e4 b5 7. e5 h6 8. Bh4 g5 9. Nxg5 Nd5 10. Nxf7 Qxh4 11. Nxh8 Bb4 12. Qf3 Qxd4 13. Nf7 Nd7 14. Rd1 Bxc3+ 15. bxc3 Qxc3+ 16. Qxc3 Nxc3 17. Nd6+ Ke7 18. f4 Nxd1 19. Kxd1 Nb6 20. g3 Nd5 21. Kd2 c3+ 22. Kc2 b4 23. Bd3 a5 24. Nxc8+ Rxc8 25. Kb3 Nb6 26. Rd1 c5 27. Bb5 c4+ 28. Kc2 Nd5 29. Rd4 b3+ 0-1

[Event "Mexican op 54th"]
[Site "Aguascalientes"]
[Date "2008.03.21"]
[Round "5"]
[White "Blanco Fernandez, Alvaro"]
[Black "Vega Lopez de Nava, Cesar Octavio"]
[Result "1-0"]
[WhiteElo "2310"]
[BlackElo "1997"]
[PlyCount "45"]
[EventDate "2008.03.18"]
[EventType "swiss"]
[EventRounds "9"]
[EventCountry "MEX"]
[SourceTitle "CBM 123 Extra"]
[Source "ChessBase"]
[SourceDate "2008.05.06"]
[SourceVersion "1"]
[SourceVersionDate "2008.05.06"]
[SourceQuality "1"]

1. d4 d5 2. c4 c6 3. Nf3 Nf6 4. Nc3 e6 5. Bg5 dxc4 6. e4 b5 7. e5 h6 8. Bh4 g5 9. exf6 gxh4 10. Ne5 Bb7 11. Nxf7 Qxf6 12. Nxh8 Qxh8 13. Qh5+ Kd8 14. Qxh4+ Be7 15. Qe4 Kc7 16. Qxe6 Bg5 17. Be2 Nd7 18. 0-0 Re8 19. Qg4 Nf6 20. Qg3+ Kb6 21. Bf3 Rg8 22. Qd6 Rd8 23. Qc5+ 1-0